Belize, el despertar de una nación /

Guardado en:
Detalles Bibliográficos
Autor principal: Salinas, María Emilia Paz (autor)
Formato: Libro
Idioma:Español
Publicado: México : Siglo XXI, 1979
Temas:
Etiquetas: Agrega una etiqueta
Sin etiquetas, Sé el primero en etiquetar este registro!

MARC

LEADER 00000nam^a2200000^a^4500
001 000003575
005 20250521000000.0
009 20260310083230.152
037 |a Acervo ITESO - Biblioteca 
041 |a ESP 
082 |a 972. 82  |b SAL 
100 |a Salinas, María Emilia Paz  |e (autor) 
245 1 0 |a Belize, el despertar de una nación /  |c M.E.P. Salinas. 
264 1 |a México :  |b Siglo XXI,  |c 1979 
300 |a 188 p. 
336 |a texto  |b txt  |2 rdacontenido 
337 |a sin mediación  |b n  |2 rdamedio 
338 |a volumen  |b nc  |2 rdasoporte 
649 |a XX 
650 |a Belice -  |x Historia 
910 |a Fondo General 
920 |a Impresos - Libros 
930 |a Colección General 
905 |a 101 
901 |a 0035750100  |b IT1  |c ACC  |i 003575  |u 20250521 
902 |a https://opac.biblio.iteso.mx/vufind/Record/000003575